000 00312nab a22001097u 4500
008 130520b1982 xxu||||| |||| 00| 0 spa d
041 _aspa
100 1 _aTomka, Miklós
_967250
245 0 0 _aLa transmisión de la fe
_cMiklós Tomka
773 0 _tConcilium
_gV.2,1982,págs.115-120
_x0210-1041
_wRev134
942 _cAR
999 _c354873
_d354873